000
00285nam a2200121Ia 4500
005
20251222141923.0
008
251222s9999||||xx |||||||||||||| ||spa||
020
_a
9972-2718-6-2
082
_a
869.57/N77
100
_a
"Noltenius, Susanne"
245
0
_a
Crisis respiratoria
942
_c
LIB
999
_c
8762
_d
8762